Countries with Official Google street view - Statistics

General Stats
  • This quiz has been taken 48 times
    24 since last reset
  • The average score is 80 of 108
Answers on the Map
Answers color-coded by a green-red scale on the quiz's map according to % correct below.
 
Answer Stats
Answer % Correct
France
94%
Brazil
88%
Ireland
88%
Mexico
88%
Belgium
82%
Bolivia
82%
Bosnia and Herzegovina
82%
Canada
82%
Colombia
82%
Denmark
82%
Dominican Republic
82%
Ecuador
82%
Estonia
82%
Finland
82%
Guatemala
82%
Iceland
82%
Italy
82%
Latvia
82%
Lithuania
82%
Norway
82%
Peru
82%
Poland
82%
Portugal
82%
Russia
82%
Spain
82%
Sweden
82%
Ukraine
82%
United Kingdom
82%
United States
82%
Albania
76%
Argentina
76%
Australia
76%
Austria
76%
Bhutan
76%
Botswana
76%
Bulgaria
76%
Chile
76%
China
76%
Costa Rica
76%
Croatia
76%
Czechia
76%
Egypt
76%
Germany
76%
Greece
76%
Hungary
76%
India
76%
Indonesia
76%
Israel
76%
Japan
76%
Jordan
76%
Kazakhstan
76%
Kenya
76%
Laos
76%
Liechtenstein
76%
Malaysia
76%
Mongolia
76%
Montenegro
76%
Nepal
76%
Netherlands
76%
New Zealand
76%
Nigeria
76%
North Macedonia
76%
Oman
76%
Philippines
76%
Romania
76%
San Marino
76%
Serbia
76%
Slovakia
76%
Slovenia
76%
South Africa
76%
South Korea
76%
Switzerland
76%
Thailand
76%
Turkey
76%
United Arab Emirates
76%
Uruguay
76%
Vietnam
76%
Andorra
71%
Bangladesh
71%
Cambodia
71%
Cyprus
71%
Eswatini
71%
Ghana
71%
Lebanon
71%
Lesotho
71%
Malta
71%
Panama
71%
Qatar
71%
Tunisia
71%
Uganda
71%
Luxembourg
65%
Monaco
65%
Namibia
65%
Rwanda
65%
Senegal
65%
Tanzania
65%
Kyrgyzstan
59%
Madagascar
59%
Pakistan
59%
Sri Lanka
59%
Taiwan
59%
Belarus
47%
Iraq
47%
Mali
47%
Sao Tome and Principe
47%
Singapore
47%
Vanuatu
41%
Afghanistan
18%
No matching quizzes found
Score Distribution
Percent of People with Each Score
Percentile by Number Answered
Your Score History
You have not taken this quiz since the last reset